| 000 | 00749nac a22002051u 4500 | ||
|---|---|---|---|
| 010 | _a 2004116336 | ||
| 020 | _a0877656258 | ||
| 020 | _a0071443401 | ||
| 082 |
_a621.3924 21 _bM4789 |
||
| 090 |
_c1960 _d1960 |
||
| 100 | _aMcPartland, Brian J. | ||
| 245 | 0 | 0 |
_aNational electrical code handbook / _cBrian J. McPartland, Joseph F. McPartland |
| 250 | _a25th ed. | ||
| 260 |
_aNew York: _bMcGraw Hill _c2005. |
||
| 300 | _a1345 P. | ||
| 650 |
_aElectric wiring _xInsurance requirements |
||
| 650 |
_aElectric wiring _xStandards _yHandbooks, manuals, etc. |
||
| 942 |
_cNB _k621.3924 21M4789 |
||
| 999 |
_c1960 _d1960 |
||